000 00746cam a2200265Mi 4500
001 89453
005 20230411090047.0
008 981203s1995 xx 000 0 eng d
035 _a(OCoLC)ocn231654729
040 _aGEBAY
_bger
_cGEBAY
020 _a0815732244
020 _a9780815732242
020 _a0815732236
020 _a9780815732235
035 _a(OCoLC)231654729
049 _aGRAL
100 1 _aGormley, William T.
245 0 0 _aEverybody's children :
_bchild care as a public problem
_cWilliam T. Gormley
260 _aWashington, D.C.
_bBrookings Inst.
_c1995
300 _aVIII, 243 S. :
_bgraph. Darst.
653 0 _aUSA
_aKinderbetreuung
_aSozialpolitik
942 _2lcc
_cbk
994 _aC0
_bDRFGD
946 _almm
999 _c111794
_d111794